[Event "Florianopolis op 5th"]
[Site "Florianopolis"]
[Date "2019.01.27"]
[Round "10"]
[White "Zampronha, Vitor Luis"]
[Black "Do Prado, Hamilton Mesquita"]
[Result "1-0"]
[WhiteElo "1593"]
[BlackElo "1713"]
[PlyCount "67"]
[EventDate "2019.01.21"]
[EventType "swiss"]
[EventRounds "10"]
[EventCountry "BRA"]
[SourceTitle "EXT 2020"]
[Source "ChessBase"]
[SourceDate "2019.10.17"]
[SourceVersion "1"]
[SourceVersionDate "2019.10.17"]
[SourceQuality "1"]

1. e4 d6 2. d4 Nf6 3. Nc3 Nbd7 4. f4 e5 5. Nf3 exd4 6. Nxd4 c6 7. Be2 g6 8. 0-0 Bg7 9. Kh1 0-0 10. Nf3 Re8 11. e5 dxe5 12. fxe5 Ng4 13. Bg5 Qb6 14. Bc4 Nf2+ 15. Rxf2 Qxf2 16. Ne4 Qb6 17. Nd6 Rf8 18. Be7 Nxe5 19. Nxe5 Bxe5 20. Bxf8 Kxf8 21. Nxf7 Bc7 22. Qf3 Qd4 23. Ng5+ Bf4 24. Qxf4+ Qxf4 25. Rf1 Kg7 26. Rxf4 Bf5 27. Bd3 Re8 28. Rf1 h6 29. Bxf5 hxg5 30. Bd3 b5 31. Kg1 a6 32. Kf2 c5 33. c4 b4 34. Re1 1-0

[Event "Florianopolis op 5th"]
[Site "Florianopolis"]
[Date "2019.01.24"]
[Round "6"]
[White "Ribeiro, Regina"]
[Black "Zampronha, Vitor Luis"]
[Result "0-1"]
[WhiteElo "1936"]
[BlackElo "1593"]
[PlyCount "28"]
[EventDate "2019.01.21"]
[EventType "swiss"]
[EventRounds "10"]
[EventCountry "BRA"]
[SourceTitle "CBM 188 Extra"]
[Source "ChessBase"]
[SourceDate "2019.02.26"]
[SourceVersion "1"]
[SourceVersionDate "2019.02.26"]
[SourceQuality "1"]

1. Nf3 Nf6 2. g3 g6 3. b3 Bg7 4. Bb2 0-0 5. Bg2 d5 6. 0-0 c5 7. d4 b6 8. dxc5 bxc5 9. c4 e6 10. Ne5 Bb7 11. Qc2 Nbd7 12. Nd3 dxc4 13. Qxc4 Qc7 14. Nxc5 Qxc5 0-1

[Event "Florianopolis op 5th"]
[Site "Florianopolis"]
[Date "2019.01.22"]
[Round "3"]
[White "Felix, Raimundo Nascimento"]
[Black "Zampronha, Vitor Luis"]
[Result "1/2-1/2"]
[WhiteElo "1859"]
[BlackElo "1593"]
[PlyCount "153"]
[EventDate "2019.01.21"]
[EventType "swiss"]
[EventRounds "10"]
[EventCountry "BRA"]
[SourceTitle "CBM 188 Extra"]
[Source "ChessBase"]
[SourceDate "2019.02.26"]
[SourceVersion "1"]
[SourceVersionDate "2019.02.26"]
[SourceQuality "1"]

1. e4 c5 2. Nc3 e6 3. Nf3 Nc6 4. Bb5 Qc7 5. d3 Nf6 6. a4 Be7 7. 0-0 0-0 8. h3 a6 9. Bc4 Rd8 10. Qe2 d5 11. Ba2 Nd4 12. Nxd4 cxd4 13. Nd1 dxe4 14. dxe4 b5 15. Bb3 Bb7 16. f3 Bc5 17. Nf2 Qg3 18. Nd3 Qc7 19. Bf4 Qxf4 20. Nxf4 d3+ 21. Kh1 dxe2 22. Nxe2 Rd2 23. Nf4 Bc6 24. Nd3 bxa4 25. Bxa4 Bxa4 26. Rxa4 Rxc2 27. Rfa1 Bf8 28. b4 Rd8 29. Nc5 Bxc5 30. bxc5 Rxc5 31. Rxa6 Rc7 32. Kg1 g6 33. R6a2 Rdc8 34. Kf2 Rc2+ 35. Ke1 Rxa2 36. Rxa2 Rc1+ 37. Kd2 Rg1 38. Ke3 Nh5 39. Kf2 Rb1 40. g3 f5 41. exf5 exf5 42. h4 f4 43. gxf4 Nxf4 44. Kg3 Nh5+ 45. Kg2 Rb4 46. Kh3 Rf4 47. Ra3 Kg7 48. Rb3 h6 49. Ra3 g5 50. hxg5 hxg5 51. Rb3 Kg6 52. Ra3 Nf6 53. Kg3 Nh5+ 54. Kh3 Rd4 55. Ra5 Rd3 56. Kg2 Nf6 57. Kf2 Nd5 58. Ra6+ Kf5 59. Ra8 Nf6 60. Ra5+ Nd5 61. Ra8 Rd2+ 62. Kg3 Nf6 63. Ra5+ Rd5 64. Ra8 Nh5+ 65. Kf2 Rb5 66. Rf8+ Ke5 67. Re8+ Kf4 68. Rf8+ Rf5 69. Ra8 Nf6 70. Ra4+ Ke5 71. Ra5+ Nd5 72. Kg3 Kd4 73. Ra6 Re5 74. Ra4+ Kd3 75. Ra3+ Nc3 76. f4 Re3+ 77. Kg4 1/2-1/2

[Event "Sao Bernardo do Campo LXSBC"]
[Site "Sao Bernardo do Campo"]
[Date "2018.11.23"]
[Round "2.3"]
[White "Zampronha, Vitor Luis"]
[Black "Dias, Joao Batista de Sou"]
[Result "0-1"]
[WhiteElo "1592"]
[BlackElo "1891"]
[PlyCount "58"]
[EventDate "2018.11.23"]
[EventType "swiss"]
[EventRounds "5"]
[EventCountry "BRA"]
[SourceTitle "EXT 2022"]
[Source "ChessBase"]
[SourceDate "2021.10.06"]
[SourceVersion "1"]
[SourceVersionDate "2021.10.06"]
[SourceQuality "1"]

1. e4 e5 2. Nf3 Nc6 3. Bc4 Be7 4. 0-0 Nf6 5. d3 0-0 6. c3 d6 7. h3 a6 8. b4 b5 9. Bb3 a5 10. a3 axb4 11. Bd5 Nxd5 12. exd5 Nb8 13. cxb4 Bb7 14. Nc3 Nd7 15. d4 e4 16. Nxe4 Bxd5 17. Nc3 Bc4 18. Re1 Bf6 19. a4 bxa4 20. Rxa4 Nb6 21. Rxa8 Qxa8 22. Nd2 Bxd4 23. Nxc4 Bxc3 24. Nxb6 cxb6 25. Bd2 Bxd2 26. Qxd2 d5 27. Re5 Rd8 28. Qd4 Qc6 29. Rg5 Qc1+ 0-1

[Event "Florianopolis op 4th"]
[Site "Florianopolis"]
[Date "2018.01.20"]
[Round "2"]
[White "Zampronha, Vitor Luis"]
[Black "Cordioli, Jairo Ribeiro"]
[Result "0-1"]
[WhiteElo "1603"]
[BlackElo "1882"]
[PlyCount "66"]
[EventDate "2018.01.19"]
[EventType "swiss"]
[EventRounds "10"]
[EventCountry "BRA"]
[SourceTitle "CBM 182 Extra"]
[Source "ChessBase"]
[SourceDate "2018.02.23"]
[SourceVersion "1"]
[SourceVersionDate "2018.02.23"]
[SourceQuality "1"]

1. e4 c5 2. Nf3 d6 3. d4 cxd4 4. Nxd4 Nf6 5. Nc3 a6 6. Be3 e5 7. Nb3 Be6 8. f3 Nbd7 9. Qd2 b5 10. 0-0-0 Be7 11. g4 Nb6 12. Kb1 b4 13. Ne2 a5 14. Ng3 a4 15. Nc1 b3 16. Bb5+ Kf8 17. cxb3 axb3 18. Nxb3 Nc4 19. Bxc4 Bxc4 20. Qc3 Be6 21. g5 Nd7 22. f4 Rc8 23. Qd3 Bc4 24. Qd2 g6 25. Na5 Kg7 26. Nxc4 Rxc4 27. f5 f6 28. gxf6+ Nxf6 29. Bh6+ Kf7 30. fxg6+ hxg6 31. Rhf1 Rd4 32. Qf2 Rxd1+ 33. Rxd1 Rxh6 0-1

[Event "Florianopolis op 3rd"]
[Site "Florianopolis"]
[Date "2017.01.24"]
[Round "7"]
[White "Zampronha, Vitor Luis"]
[Black "Sarda, Pedro Sada"]
[Result "1-0"]
[WhiteElo "1725"]
[BlackElo "1386"]
[PlyCount "65"]
[EventDate "2017.01.20"]
[EventType "swiss"]
[EventRounds "10"]
[EventCountry "BRA"]
[SourceTitle "CBM 176 Extra"]
[Source "ChessBase"]
[SourceDate "2017.03.02"]
[SourceVersion "1"]
[SourceVersionDate "2017.03.02"]
[SourceQuality "1"]

1. e4 c5 2. Nf3 d6 3. d4 cxd4 4. Nxd4 Nf6 5. Nc3 g6 6. Be3 Bg7 7. f3 Nc6 8. Qd2 0-0 9. 0-0-0 a5 10. a3 Nxd4 11. Bxd4 Bd7 12. g4 b5 13. Bxb5 Bxb5 14. Nxb5 Rb8 15. a4 d5 16. e5 Nd7 17. Ba7 Rc8 18. Qxd5 Nxe5 19. Qxd8 Rfxd8 20. Rxd8+ Rxd8 21. Rf1 Rc8 22. c3 Nc4 23. b3 Nd6 24. c4 Ra8 25. Bd4 e5 26. Bc3 Nb7 27. Kc2 f6 28. Rd1 Bf8 29. Bb2 Rc8 30. Rd7 Nd6 31. Nxd6 h6 32. Ne4 f5 33. Nf6+ 1-0

[Event "Florianopolis op 3rd"]
[Site "Florianopolis"]
[Date "2017.01.22"]
[Round "4"]
[White "Tomiello, Lucas Costamilan"]
[Black "Zampronha, Vitor Luis"]
[Result "1-0"]
[WhiteElo "1779"]
[BlackElo "1725"]
[PlyCount "69"]
[EventDate "2017.01.20"]
[EventType "swiss"]
[EventRounds "10"]
[EventCountry "BRA"]
[SourceTitle "CBM 176 Extra"]
[Source "ChessBase"]
[SourceDate "2017.03.02"]
[SourceVersion "1"]
[SourceVersionDate "2017.03.02"]
[SourceQuality "1"]

1. e4 c5 2. Nf3 e6 3. d4 cxd4 4. Nxd4 Nc6 5. Nc3 a6 6. Be3 Qc7 7. Bd3 Nf6 8. 0-0 Be7 9. Kh1 0-0 10. f4 d6 11. a4 Rd8 12. Nb3 b6 13. Qe2 Nb4 14. h3 Bb7 15. Qf2 Nxd3 16. cxd3 Rdc8 17. Bxb6 Qd7 18. Na5 Rab8 19. Nxb7 Qxb7 20. a5 Nd7 21. Bd4 Nc5 22. Qg3 Bf8 23. f5 e5 24. Bxc5 Rxc5 25. Rf2 f6 26. Nd5 Rb5 27. Nxf6+ Kh8 28. Nd5 Rxb2 29. Rxb2 Qxb2 30. Rf1 Qe2 31. Rc1 Rb2 32. Rc8 Kg8 33. Nf6+ Kf7 34. Nxh7 Be7 35. Qg6# 1-0